| 000 | 00595nam a2200193Ia 4500 | ||
|---|---|---|---|
| 005 | 20221217102523.0 | ||
| 008 | 131103s9999 xx 000 0 und d | ||
| 040 | _aLoreto College | ||
| 041 | _aEnglish | ||
| 082 |
_a813.09 _bO'CO |
||
| 245 |
_aSeven modern American novelists _b An introduction _cEdited by William Van O'Connor |
||
| 260 |
_aBombay _bPopular Prakashan _c1968 |
||
| 300 | _a302 p. | ||
| 504 | _aIncludes bibliographical references and index | ||
| 650 | _aAmerican Fiction - History and Criticism | ||
| 700 | _aO'Connor, William Van, ed | ||
| 850 | _aLCLIB | ||
| 942 | _cBK | ||
| 999 |
_c12077 _d62556 |
||